<?xml version="1.0" encoding="UTF-8"?>
<collection xmlns="http://www.loc.gov/MARC21/slim">
<record>
  <controlfield tag="001">787</controlfield>
  <datafield tag="960" ind1=" " ind2=" ">
    <subfield code="a">ia311028</subfield>
  </datafield>
  <datafield tag="036" ind1=" " ind2=" ">
    <subfield code="a">SolanoCountyGreetsYou1938</subfield>
  </datafield>
  <datafield tag="037" ind1=" " ind2=" ">
    <subfield code="a">/1/items/SolanoCountyGreetsYou1938</subfield>
  </datafield>
  <datafield tag="038" ind1=" " ind2=" ">
    <subfield code="a">SolanoCountyGreetsYou1938</subfield>
  </datafield>
  <datafield tag="041" ind1=" " ind2=" ">
    <subfield code="a">eng</subfield>
  </datafield>
  <datafield tag="100" ind1=" " ind2=" ">
    <subfield code="a">Solano County</subfield>
  </datafield>
  <datafield tag="245" ind1=" " ind2=" ">
    <subfield code="a">Solano County Greets You - 1938</subfield>
  </datafield>
  <datafield tag="260" ind1=" " ind2=" ">
    <subfield code="c">1938</subfield>
  </datafield>
  <datafield tag="520" ind1=" " ind2=" ">
    <subfield code="a">Your Introduction to Solano County, CA. A County whose history is shot through with the golden lore of a Golden State, whose cities fought to become that State's capital in its swashbuckling days. A County of breathlessly beautiful scenery and gigantic industrial plants, miles of orchards and countless acres of grain. Great herds of livestock and quay walls of mighty warships, prairie lands that became vast natural gas producing fields, a County of lakes and bays and sloughs and channels, picturesque valleys and rolling hills that is Solano County, America's Little California.</subfield>
  </datafield>
  <datafield tag="856" ind1="0" ind2=" ">
    <subfield code="f">vacahc@gmail.com</subfield>
  </datafield>
  <datafield tag="980" ind1=" " ind2=" ">
    <subfield code="a">25448756726</subfield>
  </datafield>
  <datafield tag="650" ind1="1" ind2="7">
    <subfield code="2">CaVaHC</subfield>
    <subfield code="a">Publication/Brochures</subfield>
  </datafield>
  <datafield tag="300" ind1=" " ind2=" ">
    <subfield code="a">21</subfield>
  </datafield>
</record>
</collection>